000 00686nam a2200289Ia 4500
005 20260324144731.0
008 008 260324s9999 xx 000 0 eng d
020 _a9781315851549
037 _aEBOOK
040 _aCRL
040 _beng
040 _cCRL
041 _2eng
041 _aeng
084 _qCRL
100 _aJuliet Flower MacCannell
_91215798
245 0 _aFiguring Lacan (RLE: Lacan)
245 0 _bCriticism and the Unconscious
260 _bTaylor and Francis
260 _c1986
365 _a
365 _b220
856 _uhttp://www.taylorfrancis.com/books/9781315851549
942 _cEBOOK
999 _c1827400
_d1827400